[Event "PMPJ 2022 - C15"]
[Site "Jastrzebia Gora"]
[Date "2022.11.12"]
[Round "6.14"]
[White "Nowak, Maciej"]
[Black "Marek, Grzegorz"]
[Result "1-0"]
[BlackElo "1614"]
[WhiteElo "1389"]
[LiveChessVersion "1.4.4"]

1. e4 {[%clk 1:30:56]} c5 {[%clk 1:30:55]} 2. d4 {[%clk 1:30:52]} cxd4
{[%clk 1:31:02]} 3. c3 {[%clk 1:31:16]} Nf6 {[%clk 1:30:52]} 4. e5
{[%clk 1:30:37]} Nd5 {[%clk 1:30:53]} 5. cxd4 {[%clk 1:29:44]} d6
{[%clk 1:29:41]} 6. Bc4 {[%clk 1:26:46]} Nb6 {[%clk 1:28:41]} 7. Bb5+
{[%clk 1:22:32]} Bd7 {[%clk 1:22:53]} 8. Bxd7+ {[%clk 1:21:43]} Qxd7
{[%clk 1:19:08]} 9. Nf3 {[%clk 1:20:39]} e6 {[%clk 1:16:48]} 10. O-O
{[%clk 1:16:52]} Nc6 {[%clk 1:13:40]} 11. Nc3 {[%clk 1:13:08]} d5
{[%clk 1:11:38]} 12. Be3 {[%clk 1:11:29]} Be7 {[%clk 1:07:47]} 13. Rc1
{[%clk 1:08:52]} O-O {[%clk 1:06:17]} 14. Nd2 {[%clk 1:08:11]} Na5
{[%clk 0:56:05]} 15. f4 {[%clk 1:06:37]} Nac4 {[%clk 0:50:01]} 16. Nxc4
{[%clk 1:05:51]} Nxc4 {[%clk 0:50:23]} 17. Qe2 {[%clk 1:05:44]} Rac8
{[%clk 0:39:20]} 18. Rf3 {[%clk 1:03:07]} f5 {[%clk 0:30:00]} 19. Rh3
{[%clk 0:59:41]} g6 {[%clk 0:28:13]} 20. Kh1 {[%clk 0:55:07]} a6 {[%clk 0:14:34]}
21. Rg1 {[%clk 0:50:04]} b5 {[%clk 0:06:52]} 22. g4 {[%clk 0:47:24]} Bd8
{[%clk 0:07:16]} 23. gxf5 {[%clk 0:45:24]} Rxf5 {[%clk 0:07:38]} 24. Nd1
{[%clk 0:40:50]} Qf7 {[%clk 0:06:10]} 25. Bc1 {[%clk 0:38:36]} Bb6
{[%clk 0:04:53]} 26. Ne3 {[%clk 0:32:16]} Nxe3 {[%clk 0:01:13]} 27. Bxe3
{[%clk 0:32:26]} Kg7 {[%clk 0:00:35]} 28. Qf2 {[%clk 0:31:58]} Kh8
{[%clk 0:00:36]} 29. Rg4 {[%clk 0:30:12]} Rg8 {[%clk 0:00:32]} 30. Qe2
{[%clk 0:28:15]} Rg7 {[%clk 0:00:44]} 31. a4 {[%clk 0:27:13]} Qd7
{[%clk 0:00:57]} 32. Rg1 {[%clk 0:26:15]} Rf8 {[%clk 0:01:18]} 33. Rc1
{[%clk 0:25:34]} Rb8 {[%clk 0:00:39]} 34. axb5 {[%clk 0:25:22]} Qxb5
{[%clk 0:00:34]} 35. Qxb5 {[%clk 0:25:35]} axb5 {[%clk 0:00:59]} 36. Rc6
{[%clk 0:25:20]} Re7 {[%clk 0:01:12]} 37. Bf2 {[%clk 0:24:44]} Kg8
{[%clk 0:01:06]} 38. b4 {[%clk 0:24:29]} h5 {[%clk 0:01:21]} 39. Rhc3
{[%clk 0:24:18]} Kf7 {[%clk 0:01:33]} 40. Ra3 {[%clk 0:23:57]} Reb7
{[%clk 0:01:15]} 41. Ra6 {[%clk 0:23:38]} Ke7 {[%clk 0:01:30]} 42. Rd6
{[%clk 0:23:26]} Kf7 {[%clk 0:01:21]} 43. Kg2 {[%clk 0:23:40]} Ke7
{[%clk 0:00:57]} 44. Kf3 {[%clk 0:23:40]} Kf7 {[%clk 0:01:13]} 45. Ke3
{[%clk 0:23:36]} Ke7 {[%clk 0:00:33]} 46. Bh4+ {[%clk 0:23:56]} Kf7
{[%clk 0:00:56]} 47. Kd3 {[%clk 0:23:40]} Bc7 48. Rxe6 {[%clk 0:21:13]} Rb6
{[%clk 0:00:50]} 49. Re7+ {[%clk 0:16:56]} Kf8 {[%clk 0:01:16]} 50. Ra7
{[%clk 0:12:47]} Bd8 {[%clk 0:01:18]} 51. Rh7 {[%clk 0:12:17]} Kg8
{[%clk 0:01:35]} 52. Rag7+ {[%clk 0:11:59]} Kf8 {[%clk 0:02:00]} 53. Rd7
{[%clk 0:11:44]} Bxh4 {[%clk 0:02:21]} 54. Rh8# {[%clk 0:12:12]} 1-0

[Event "PMPJ 2022 - C15"]
[Site "Jastrzebia Gora"]
[Date "2022.11.12"]
[Round "6.15"]
[White "Garwacki, Kornel"]
[Black "Grzadka, Artur"]
[Result "1-0"]
[BlackElo "1687"]
[WhiteElo "1613"]
[LiveChessVersion "1.4.4"]

1. e4 c6 2. d4 d5 3. Nc3 dxe4 4. Nxe4 Nf6 5. Nxf6+ exf6 6. Bc4 Na6 7. Bxa6 bxa6
8. Bf4 Qb6 9. Qe2+ Be6 10. c3 Be7 11. Nf3 O-O 12. O-O Rfe8 13. Qc2 Rac8 14. Rfe1
c5 15. Be3 Bg4 16. dxc5 Qb7 17. Nd2 a5 18. a3 a4 19. Qxa4 Bd7 20. Qb4 Qc6 21. c4
Be6 22. Nb3 Rb8 23. Qc3 Qb7 24. Na5 Qxb2 25. Qxb2 Rxb2 26. Reb1 Rc2 27. Nc6 Bf8
28. Nxa7 Rxc4 29. Rc1 Ra4 30. c6 Rxa3 31. c7 Rxa1 32. Rxa1 Bd6 33. Rc1 Bc8 34.
Rc6 Be7 35. h3 Kf8 36. Rb6 Bd7 37. Rb8 Bd6 38. c8=Q Bxc8 39. Rxc8 Rxc8 40. Nxc8
Bc7 41. Nb6 f5 42. Nd5 Bd6 43. Kf1 h5 44. f4 Kg8 45. Kf2 Kh7 46. Ke2 Kg6 47. Nb6
Bc7 48. Nc4 f6 49. Nd2 Kf7 50. Nf3 1-0

[Event "PMPJ 2022 - C15"]
[Site "Jastrzebia Gora"]
[Date "2022.11.12"]
[Round "6.16"]
[White "Jendrowiak, Maciej"]
[Black "Nagly, Wojciech"]
[Result "0-1"]
[BlackElo "1559"]
[WhiteElo "1664"]
[LiveChessVersion "1.4.4"]

1. e4 {[%clk 1:30:58]} c5 {[%clk 1:30:56]} 2. c3 {[%clk 1:31:20]} d5
{[%clk 1:31:20]} 3. exd5 {[%clk 1:30:58]} Qxd5 {[%clk 1:31:49]} 4. d4
{[%clk 1:31:06]} Nc6 {[%clk 1:31:17]} 5. Nf3 {[%clk 1:31:25]} cxd4
{[%clk 1:31:39]} 6. cxd4 {[%clk 1:31:38]} e5 {[%clk 1:32:01]} 7. Nc3
{[%clk 1:31:10]} Bb4 {[%clk 1:32:22]} 8. Bd2 {[%clk 1:31:24]} Bxc3
{[%clk 1:32:27]} 9. Bxc3 {[%clk 1:31:47]} e4 {[%clk 1:32:28]} 10. Ne5
{[%clk 1:32:11]} Nxe5 {[%clk 1:32:49]} 11. dxe5 {[%clk 1:32:36]} Ne7
{[%clk 1:33:08]} 12. Qxd5 {[%clk 1:21:48]} Nxd5 {[%clk 1:33:37]} 13. Bb5+
{[%clk 1:17:51]} Bd7 {[%clk 1:29:03]} 14. Bxd7+ {[%clk 1:16:12]} Kxd7
{[%clk 1:29:32]} 15. O-O-O {[%clk 1:07:13]} Ke6 {[%clk 1:29:46]} 16. Rhe1
{[%clk 0:53:46]} Rac8 {[%clk 1:29:28]} 17. Rxe4 {[%clk 0:48:45]} Nxc3
{[%clk 1:29:41]} 18. bxc3 {[%clk 0:49:10]} Rxc3+ {[%clk 1:30:11]} 19. Kb2
{[%clk 0:49:16]} Rhc8 {[%clk 1:30:04]} 20. Rd2 {[%clk 0:46:46]} R3c5
{[%clk 1:28:44]} 21. Rb4 {[%clk 0:46:12]} b6 {[%clk 1:28:21]} 22. f4
{[%clk 0:44:52]} R8c6 {[%clk 1:21:50]} 23. a3 Rc4 {[%clk 1:11:03]} 24. Rxc4
{[%clk 0:38:02]} Rxc4 {[%clk 1:11:31]} 25. g3 {[%clk 0:38:20]} h5
{[%clk 1:09:40]} 26. Kb3 {[%clk 0:37:04]} Re4 {[%clk 1:09:11]} 27. Rd6+
{[%clk 0:23:41]} Ke7 {[%clk 1:08:33]} 28. Rd3 {[%clk 0:22:35]} h4
{[%clk 1:08:24]} 29. Rf3 {[%clk 0:22:55]} Re2 {[%clk 1:08:35]} 30. h3
{[%clk 0:22:11]} hxg3 {[%clk 1:08:33]} 31. Rxg3 {[%clk 0:22:37]} g6
{[%clk 1:08:47]} 32. Rc3 {[%clk 0:17:40]} a5 {[%clk 0:49:53]} 33. Rc7+
{[%clk 0:17:23]} Kf8 {[%clk 0:49:59]} 34. Rb7 {[%clk 0:16:36]} Re4
{[%clk 0:49:07]} 35. Rxb6 {[%clk 0:16:08]} a4+ {[%clk 0:49:32]} 36. Kb2
{[%clk 0:14:36]} Rxf4 {[%clk 0:47:26]} 37. e6 {[%clk 0:07:43]} Rf2+
{[%clk 0:36:58]} 38. Kb1 {[%clk 0:07:58]} f5 {[%clk 0:35:34]} 39. Rb7
{[%clk 0:06:43]} Rf3 {[%clk 0:29:10]} 40. Rf7+ {[%clk 0:06:09]} Ke8
{[%clk 0:28:27]} 41. Rf6 {[%clk 0:05:49]} Ke7 {[%clk 0:26:50]} 42. Rxg6
{[%clk 0:06:12]} Rxh3 {[%clk 0:27:13]} 43. Ka2 {[%clk 0:05:33]} Rh2+
{[%clk 0:27:15]} 44. Kb1 {[%clk 0:05:38]} Re2 {[%clk 0:27:27]} 45. Rg8
{[%clk 0:04:45]} Rxe6 {[%clk 0:27:40]} 46. Ra8 {[%clk 0:04:57]} Re4
{[%clk 0:27:58]} 47. Kc2 {[%clk 0:05:20]} Kf6 {[%clk 0:28:10]} 48. Kd2
{[%clk 0:05:29]} Kg5 {[%clk 0:28:27]} 49. Ra5 {[%clk 0:04:55]} Kg4
{[%clk 0:28:45]} 50. Ra8 {[%clk 0:05:22]} Kf3 {[%clk 0:28:53]} 51. Rh8
{[%clk 0:05:33]} f4 {[%clk 0:28:45]} 52. Rh3+ {[%clk 0:05:32]} Kg2
{[%clk 0:29:09]} 53. Rh8 {[%clk 0:05:56]} f3 {[%clk 0:29:25]} 54. Rg8+
{[%clk 0:06:21]} Kf1 {[%clk 0:29:49]} 55. Kd3 {[%clk 0:06:39]} Re7
{[%clk 0:30:12]} 56. Rf8 {[%clk 0:06:50]} f2 {[%clk 0:30:05]} 57. Kd2
{[%clk 0:07:07]} Rd7+ {[%clk 0:30:30]} 58. Kc2 {[%clk 0:07:09]} Rd5
{[%clk 0:30:44]} 0-1

[Event "PMPJ 2022 - C15"]
[Site "Jastrzebia Gora"]
[Date "2022.11.12"]
[Round "6.17"]
[White "Pieczulis, Hubert"]
[Black "Zawadzki, Bartosz"]
[Result "1-0"]
[BlackElo "1624"]
[WhiteElo "1412"]
[LiveChessVersion "1.4.4"]

1. d4 {[%clk 1:30:56]} Nf6 {[%clk 1:30:50]} 2. Nf3 {[%clk 1:31:03]} e6
{[%clk 1:31:04]} 3. c4 {[%clk 1:31:25]} Bb4+ {[%clk 1:30:59]} 4. Bd2
{[%clk 1:31:33]} Be7 {[%clk 1:31:15]} 5. Nc3 {[%clk 1:31:54]} d5 {[%clk 1:31:29]}
6. cxd5 {[%clk 1:31:44]} exd5 {[%clk 1:31:51]} 7. Qc2 {[%clk 1:31:23]} g6
{[%clk 1:30:44]} 8. Bh6 {[%clk 1:26:19]} Bf5 {[%clk 1:30:24]} 9. Qb3
{[%clk 1:25:00]} b6 {[%clk 1:27:26]} 10. e3 {[%clk 1:24:56]} Bf8 {[%clk 1:19:14]}
11. Bg5 {[%clk 1:19:28]} c6 {[%clk 1:19:00]} 12. Be2 {[%clk 1:17:39]} h6
{[%clk 1:15:59]} 13. Bh4 {[%clk 1:16:16]} Bg7 {[%clk 1:12:49]} 14. Ne5
{[%clk 1:15:46]} g5 {[%clk 1:04:13]} 15. Bg3 {[%clk 1:14:46]} Ne4
{[%clk 0:57:30]} 16. Nxe4 {[%clk 1:13:48]} Bxe4 {[%clk 0:57:53]} 17. O-O
{[%clk 1:12:45]} Bxe5 {[%clk 0:52:25]} 18. Bxe5 {[%clk 1:13:06]} f6
{[%clk 0:51:52]} 19. Bh5+ {[%clk 1:13:10]} Kf8 {[%clk 0:51:11]} 20. Bg3
{[%clk 1:12:51]} Kg7 {[%clk 0:50:10]} 21. Rac1 {[%clk 1:12:43]} Qd7
{[%clk 0:47:21]} 22. f3 {[%clk 1:10:30]} Bf5 {[%clk 0:46:47]} 23. Qc3
{[%clk 1:08:08]} Rc8 {[%clk 0:45:41]} 24. e4 {[%clk 1:03:16]} Be6
{[%clk 0:39:29]} 25. Rce1 {[%clk 0:54:23]} Na6 {[%clk 0:33:33]} 26. exd5
{[%clk 0:53:23]} Bxd5 {[%clk 0:32:22]} 27. Qd3 {[%clk 0:53:38]} Nb4
{[%clk 0:28:30]} 28. Qg6+ {[%clk 0:53:46]} Kh8 {[%clk 0:28:32]} 29. a3
{[%clk 0:51:29]} Na6 {[%clk 0:28:48]} 30. Bg4 {[%clk 0:49:21]} Qg7
{[%clk 0:28:11]} 31. Qxg7+ {[%clk 0:49:24]} Kxg7 {[%clk 0:28:36]} 32. Bxc8
{[%clk 0:49:46]} Rxc8 {[%clk 0:29:00]} 33. Re7+ {[%clk 0:50:04]} Kg6
{[%clk 0:29:11]} 34. Rxa7 {[%clk 0:49:44]} 1-0

[Event "PMPJ 2022 - C15"]
[Site "Jastrzebia Gora"]
[Date "2022.11.12"]
[Round "6.18"]
[White "Krasniewski, Maciej"]
[Black "Nawrocki, Michal"]
[Result "1/2-1/2"]
[BlackElo "1432"]
[WhiteElo "1619"]
[LiveChessVersion "1.4.4"]

1. d4 {[%clk 1:30:58]} Nf6 {[%clk 1:30:53]} 2. c4 {[%clk 1:31:23]} e6
{[%clk 1:31:13]} 3. Nf3 {[%clk 1:31:48]} d5 {[%clk 1:31:36]} 4. Nc3
{[%clk 1:32:11]} c6 {[%clk 1:32:02]} 5. e3 {[%clk 1:32:35]} Nbd7 {[%clk 1:32:20]}
6. Qc2 {[%clk 1:32:59]} Be7 {[%clk 1:31:25]} 7. b3 {[%clk 1:33:23]} O-O
{[%clk 1:31:15]} 8. Bb2 {[%clk 1:33:48]} c5 {[%clk 1:30:55]} 9. cxd5
{[%clk 1:33:51]} exd5 {[%clk 1:30:58]} 10. Rd1 {[%clk 1:33:55]} Qa5
{[%clk 1:25:51]} 11. Bd3 {[%clk 1:32:53]} Rd8 {[%clk 1:25:14]} 12. O-O
{[%clk 1:33:16]} Nf8 {[%clk 1:25:16]} 13. dxc5 {[%clk 1:20:17]} Qxc5
{[%clk 1:21:31]} 14. Nd4 {[%clk 1:20:36]} Bg4 {[%clk 1:18:39]} 15. Rc1
{[%clk 1:08:43]} a6 {[%clk 1:14:22]} 16. h3 {[%clk 1:08:48]} Be6 {[%clk 1:13:59]}
17. Rfd1 {[%clk 1:08:09]} Rac8 {[%clk 1:13:58]} 18. Qe2 {[%clk 1:07:37]} Qa5
{[%clk 1:10:55]} 19. a3 {[%clk 1:03:00]} b5 {[%clk 1:11:16]} 20. b4
{[%clk 1:03:05]} Qb6 {[%clk 1:11:36]} 21. f4 {[%clk 1:00:30]} Rc7
{[%clk 1:08:16]} 22. g4 {[%clk 0:59:42]} Bc8 {[%clk 1:03:48]} 23. g5
{[%clk 0:57:54]} Ne8 {[%clk 1:03:08]} 24. Qf3 {[%clk 0:58:11]} Bb7
{[%clk 1:02:30]} 25. Nce2 {[%clk 0:41:06]} Nd6 {[%clk 0:58:40]} 26. Ng3
{[%clk 0:37:21]} Nc4 {[%clk 0:52:09]} 27. Bxc4 {[%clk 0:36:47]} dxc4
{[%clk 0:50:27]} 28. Qg4 {[%clk 0:31:35]} Ne6 {[%clk 0:42:14]} 29. Ngf5
{[%clk 0:21:56]} Bf8 {[%clk 0:39:07]} 30. Kf2 {[%clk 0:12:48]} Nxd4
{[%clk 0:33:41]} 31. Bxd4 {[%clk 0:08:37]} Qe6 {[%clk 0:33:15]} 32. Be5
{[%clk 0:02:07]} Rcd7 {[%clk 0:32:07]} 33. Bd4 Rc7 1/2-1/2

[Event "PMPJ 2022 - C15"]
[Site "Jastrzebia Gora"]
[Date "2022.11.12"]
[Round "6.19"]
[White "Wilgosz, Szczepan"]
[Black "Bartnik, Michal"]
[Result "1/2-1/2"]
[BlackElo "1480"]
[WhiteElo "1618"]
[LiveChessVersion "1.4.4"]

1. e4 {[%clk 1:30:57]} e5 {[%clk 1:30:58]} 2. Nf3 {[%clk 1:31:17]} Nc6
{[%clk 1:31:26]} 3. Bb5 {[%clk 1:31:38]} a6 {[%clk 1:31:53]} 4. Ba4
{[%clk 1:32:01]} Nf6 {[%clk 1:32:19]} 5. d4 {[%clk 1:29:05]} exd4
{[%clk 1:29:51]} 6. O-O {[%clk 1:28:53]} Be7 {[%clk 1:23:38]} 7. Re1
{[%clk 1:28:02]} O-O {[%clk 1:23:50]} 8. e5 {[%clk 1:27:07]} Nd5 {[%clk 1:23:11]}
9. Bb3 {[%clk 1:26:57]} Nb6 {[%clk 1:23:15]} 10. c3 {[%clk 1:26:26]} dxc3
{[%clk 1:23:13]} 11. Nxc3 {[%clk 1:26:40]} d6 {[%clk 1:23:07]} 12. exd6
{[%clk 1:26:44]} Bxd6 {[%clk 1:21:16]} 13. Bg5 {[%clk 1:25:41]} Qd7
{[%clk 1:20:06]} 14. Qe2 {[%clk 1:06:43]} h6 {[%clk 1:18:29]} 15. Bh4
{[%clk 1:05:44]} Qg4 {[%clk 1:17:57]} 16. h3 Qb4 {[%clk 1:17:51]} 17. Bc2
{[%clk 0:45:03]} Nd4 {[%clk 1:13:50]} 18. Nxd4 {[%clk 0:38:51]} Qxd4
{[%clk 1:13:23]} 19. Ne4 {[%clk 0:37:17]} Bd7 {[%clk 0:54:37]} 20. Rad1
{[%clk 0:33:16]} Qb4 {[%clk 0:51:11]} 21. Nxd6 {[%clk 0:21:10]} Qxh4
{[%clk 0:50:16]} 22. Qd3 {[%clk 0:19:31]} f5 {[%clk 0:44:01]} 23. Nxb7
{[%clk 0:13:28]} Kh8 {[%clk 0:41:43]} 24. Nc5 {[%clk 0:09:20]} Bc6
{[%clk 0:41:12]} 25. Ne6 {[%clk 0:07:50]} Rf6 {[%clk 0:35:37]} 26. Nd4
{[%clk 0:03:47]} Be4 {[%clk 0:33:39]} 27. Qg3 {[%clk 0:02:26]} Qxg3
{[%clk 0:33:43]} 28. fxg3 {[%clk 0:02:54]} Rd8 {[%clk 0:33:04]} 29. Bxe4
{[%clk 0:01:50]} fxe4 {[%clk 0:33:32]} 30. Nb3 {[%clk 0:01:25]} Rxd1
{[%clk 0:32:33]} 31. Rxd1 {[%clk 0:01:54]} e3 {[%clk 0:32:49]} 32. Re1
{[%clk 0:01:10]} Nd5 {[%clk 0:32:45]} 33. Nd4 {[%clk 0:00:41]} Kg8
{[%clk 0:29:26]} 34. Nc2 {[%clk 0:00:50]} Re6 {[%clk 0:26:20]} 35. Kf1
{[%clk 0:00:51]} Rf6+ {[%clk 0:26:02]} 36. Kg1 {[%clk 0:00:58]} Re6
{[%clk 0:26:14]} 37. Re2 {[%clk 0:00:48]} Kf7 {[%clk 0:26:06]} 38. Kf1
{[%clk 0:00:54]} Kf6 {[%clk 0:26:15]} 39. Re1 {[%clk 0:00:47]} c5
{[%clk 0:24:07]} 40. Ke2 {[%clk 0:00:49]} Rb6 {[%clk 0:23:47]} 41. b3
{[%clk 0:00:43]} Nc3+ {[%clk 0:23:48]} 42. Kd3 {[%clk 0:00:41]} Nxa2
{[%clk 0:23:57]} 43. Kc4 {[%clk 0:01:00]} Rb8 {[%clk 0:21:58]} 44. Rxe3
{[%clk 0:00:51]} Nc1 {[%clk 0:20:45]} 1/2-1/2

[Event "PMPJ 2022 - C15"]
[Site "Jastrzebia Gora"]
[Date "2022.11.12"]
[Round "6.20"]
[White "Spytek, Hubert"]
[Black "Miler, Franciszek"]
[Result "0-1"]
[BlackElo "1608"]
[WhiteElo "1416"]
[LiveChessVersion "1.4.4"]

1. d4 {[%clk 1:30:56]} Nf6 {[%clk 1:30:56]} 2. Nf3 {[%clk 1:31:16]} g6
{[%clk 1:31:22]} 3. Bf4 {[%clk 1:31:39]} Bg7 {[%clk 1:31:43]} 4. c3
{[%clk 1:31:43]} d6 {[%clk 1:32:02]} 5. Nbd2 {[%clk 1:32:06]} O-O
{[%clk 1:32:18]} 6. e4 {[%clk 1:32:00]} Nbd7 {[%clk 1:26:59]} 7. Bd3
{[%clk 1:30:03]} Nh5 {[%clk 1:13:04]} 8. Bg5 {[%clk 1:22:22]} h6 {[%clk 1:12:00]}
9. Be3 {[%clk 1:22:39]} e5 {[%clk 1:12:03]} 10. h3 {[%clk 1:13:14]} Nf4
{[%clk 1:00:14]} 11. Bf1 {[%clk 1:01:43]} c5 {[%clk 0:38:42]} 12. dxe5
{[%clk 0:45:34]} dxe5 {[%clk 0:38:11]} 13. Nc4 {[%clk 0:45:00]} Qe7
{[%clk 0:18:05]} 14. g3 {[%clk 0:41:09]} Ne6 {[%clk 0:17:46]} 15. Qd2
{[%clk 0:39:42]} Nf6 {[%clk 0:16:57]} 16. Qc2 {[%clk 0:37:48]} b5
{[%clk 0:11:07]} 17. Ncd2 {[%clk 0:35:16]} Bb7 {[%clk 0:11:11]} 18. Bg2
{[%clk 0:16:12]} Nxe4 {[%clk 0:08:59]} 19. Nxe4 {[%clk 0:14:38]} f5
{[%clk 0:09:25]} 20. Nfd2 {[%clk 0:12:54]} f4 {[%clk 0:08:10]} 21. Bxc5
{[%clk 0:11:28]} Nxc5 {[%clk 0:08:20]} 22. g4 {[%clk 0:10:02]} Rad8
{[%clk 0:06:26]} 23. Bf1 {[%clk 0:08:16]} Rxd2 {[%clk 0:06:29]} 24. Qxd2
{[%clk 0:07:55]} Nxe4 {[%clk 0:06:54]} 25. Qc2 {[%clk 0:08:02]} Nxf2
{[%clk 0:06:10]} 26. Rh2 {[%clk 0:08:05]} Ne4 {[%clk 0:05:48]} 27. O-O-O
{[%clk 0:08:06]} Nc5 {[%clk 0:05:07]} 28. Bxb5 {[%clk 0:05:11]} e4
{[%clk 0:05:15]} 29. b4 {[%clk 0:05:10]} Ba6 {[%clk 0:04:06]} 30. bxc5
{[%clk 0:04:24]} Bxb5 {[%clk 0:02:56]} 31. Qb3+ {[%clk 0:04:45]} Kh7
{[%clk 0:03:23]} 32. Qxb5 {[%clk 0:04:36]} e3 {[%clk 0:03:26]} 33. Rd7
{[%clk 0:00:46]} Qe5 {[%clk 0:03:43]} 34. Qd3 {[%clk 0:00:00]} f3 0-1

[Event "PMPJ 2022 - C15"]
[Site "Jastrzebia Gora"]
[Date "2022.11.12"]
[Round "6.21"]
[White "Duda, Leon"]
[Black "Klyus, Ivan"]
[Result "1-0"]
[BlackElo "1196"]
[WhiteElo "1621"]
[LiveChessVersion "1.4.4"]

1. e4 {[%clk 1:30:58]} e5 {[%clk 1:30:52]} 2. Nf3 {[%clk 1:31:22]} Nf6
{[%clk 1:31:15]} 3. Nxe5 {[%clk 1:31:42]} d6 {[%clk 1:31:37]} 4. Nf3
{[%clk 1:32:08]} Nxe4 {[%clk 1:31:49]} 5. d3 {[%clk 1:32:32]} Nf6
{[%clk 1:29:20]} 6. d4 {[%clk 1:32:58]} Be7 {[%clk 1:25:38]} 7. Bd3
{[%clk 1:31:07]} O-O {[%clk 1:23:39]} 8. O-O {[%clk 1:31:25]} Bg4
{[%clk 1:21:01]} 9. Bf4 {[%clk 1:30:37]} Nbd7 {[%clk 1:17:51]} 10. c4
{[%clk 1:28:36]} d5 {[%clk 1:04:28]} 11. c5 {[%clk 1:28:48]} c6 {[%clk 1:01:21]}
12. Nbd2 {[%clk 1:28:51]} a5 {[%clk 0:59:04]} 13. Qc2 {[%clk 1:24:16]} b6
{[%clk 0:56:40]} 14. Ne5 {[%clk 1:22:26]} Nxe5 {[%clk 0:35:10]} 15. dxe5
{[%clk 1:22:19]} Nd7 {[%clk 0:34:32]} 16. cxb6 {[%clk 1:19:57]} Qxb6
{[%clk 0:33:08]} 17. Bxh7+ {[%clk 1:19:05]} Kh8 {[%clk 0:33:34]} 18. Bf5
{[%clk 1:19:01]} Bxf5 {[%clk 0:29:00]} 19. Qxf5 {[%clk 1:19:15]} Nc5
{[%clk 0:27:25]} 20. Nf3 {[%clk 1:11:28]} Qxb2 {[%clk 0:14:30]} 21. Bg5
{[%clk 1:11:18]} f6 {[%clk 0:13:10]} 22. Nh4 {[%clk 1:11:21]} Kg8
{[%clk 0:11:35]} 23. Ng6 {[%clk 1:08:56]} Rfe8 {[%clk 0:07:08]} 24. Nxe7+
{[%clk 0:52:52]} Rxe7 {[%clk 0:07:25]} 25. exf6 {[%clk 0:53:10]} Rf7 26. Rac1
{[%clk 0:49:57]} gxf6 {[%clk 0:01:02]} 27. Bh6 {[%clk 0:49:01]} Ne4
{[%clk 0:00:41]} 28. Qg6+ {[%clk 0:48:40]} 1-0

[Event "PMPJ 2022 - C15"]
[Site "Jastrzebia Gora"]
[Date "2022.11.12"]
[Round "6.22"]
[White "Chmura, Eryk"]
[Black "Magrel, Wiktor"]
[Result "1-0"]
[BlackElo "1170"]
[WhiteElo "1614"]
[LiveChessVersion "1.4.4"]

1. e4 e6 2. d4 c5 3. c3 cxd4 4. cxd4 d5 5. e5 Nc6 6. Nf3 Qb6 7. Nc3 Bd7 8. a3 Rc8
9. Na4 Qc7 10. Bd3 Nge7 11. O-O Ng6 12. Be3 Be7 13. Rc1 O-O 14. b4 Qb8 15. Nc5
Bxc5 16. Rxc5 Nce7 17. Qb3 f5 18. Rfc1 h6 19. b5 Nh8 20. h4 Nf7 21. Bd2 Kh8 22.
Qb4 Rg8 23. Rxc8 Nxc8 24. h5 g5 25. hxg6 Rxg6 26. Qf8+ Rg8 27. Qxf7 1-0

[Event "PMPJ 2022 - C15"]
[Site "Jastrzebia Gora"]
[Date "2022.11.12"]
[Round "6.23"]
[White "Pozoga, Adam"]
[Black "Niemczyk, Krzysztof"]
[Result "0-1"]
[BlackElo "1575"]
[WhiteElo "1229"]
[LiveChessVersion "1.4.4"]

1. c4 {[%clk 1:30:58]} Nf6 {[%clk 1:30:56]} 2. Nc3 {[%clk 1:31:11]} e6
{[%clk 1:30:41]} 3. g3 {[%clk 1:28:54]} d5 {[%clk 1:29:44]} 4. Bg2
{[%clk 1:27:01]} Be7 {[%clk 1:28:38]} 5. d3 {[%clk 1:25:11]} O-O {[%clk 1:28:43]}
6. cxd5 {[%clk 1:24:24]} exd5 {[%clk 1:27:25]} 7. Bf4 {[%clk 1:23:12]} c6
{[%clk 1:16:03]} 8. Nf3 {[%clk 1:21:53]} Bd6 {[%clk 1:13:13]} 9. Bxd6
{[%clk 1:20:21]} Qxd6 {[%clk 1:13:38]} 10. O-O {[%clk 1:18:32]} Bg4
{[%clk 1:13:32]} 11. Qc2 {[%clk 1:17:22]} Nbd7 {[%clk 1:13:11]} 12. e4
{[%clk 1:14:00]} Rfe8 {[%clk 1:07:32]} 13. Rfe1 {[%clk 1:13:47]} Bxf3
{[%clk 0:57:50]} 14. Bxf3 {[%clk 1:13:59]} Ne5 {[%clk 0:58:05]} 15. Bg2
{[%clk 1:12:47]} Qc5 {[%clk 0:57:10]} 16. Qd2 {[%clk 1:07:27]} dxe4
{[%clk 0:52:53]} 17. dxe4 {[%clk 1:06:20]} Rad8 {[%clk 0:51:34]} 18. Qc2
{[%clk 0:56:33]} b5 {[%clk 0:31:28]} 19. Qb3 {[%clk 0:51:33]} Rd2
{[%clk 0:25:04]} 20. Re2 {[%clk 0:49:47]} Red8 {[%clk 0:25:00]} 21. Rae1
{[%clk 0:49:30]} Nfg4 {[%clk 0:24:37]} 22. Nd1 {[%clk 0:46:24]} Rxe2
{[%clk 0:19:13]} 23. Rxe2 {[%clk 0:46:24]} Qc1 {[%clk 0:19:33]} 24. Re1
{[%clk 0:36:15]} Rd3 {[%clk 0:19:30]} 25. Qb4 {[%clk 0:36:13]} Rxd1
{[%clk 0:19:40]} 26. Rxd1 {[%clk 0:36:32]} Qxd1+ {[%clk 0:20:06]} 27. Bf1
{[%clk 0:36:54]} Qc2 {[%clk 0:16:29]} 28. Bg2 {[%clk 0:34:55]} Nf3+
{[%clk 0:15:58]} 29. Bxf3 {[%clk 0:32:56]} Qxf2+ {[%clk 0:16:22]} 30. Kh1
{[%clk 0:33:21]} Qxh2# {[%clk 0:16:47]} 0-1

[Event "PMPJ 2022 - C15"]
[Site "Jastrzebia Gora"]
[Date "2022.11.12"]
[Round "6.25"]
[White "Palasz, Jakub"]
[Black "Kozik, Maksymilian"]
[Result "0-1"]
[BlackElo "1341"]
[WhiteElo "1170"]
[LiveChessVersion "1.4.4"]

1. e4 {[%clk 1:30:58]} e5 {[%clk 1:30:57]} 2. Nc3 {[%clk 1:31:25]} Nf6
{[%clk 1:31:21]} 3. f4 {[%clk 1:31:51]} d5 {[%clk 1:31:09]} 4. fxe5
{[%clk 1:32:13]} Nxe4 {[%clk 1:31:29]} 5. Qf3 {[%clk 1:32:33]} Nxc3
{[%clk 1:30:52]} 6. bxc3 {[%clk 1:32:59]} Nc6 {[%clk 1:30:56]} 7. d4
{[%clk 1:33:21]} Be6 {[%clk 1:26:56]} 8. Qg3 {[%clk 1:32:37]} Ne7
{[%clk 1:25:22]} 9. Bd3 {[%clk 1:29:13]} Nf5 {[%clk 1:25:11]} 10. Qf2
{[%clk 1:28:55]} Qd7 {[%clk 1:23:41]} 11. Ne2 {[%clk 1:28:10]} Be7
{[%clk 1:22:20]} 12. O-O {[%clk 1:27:42]} O-O-O {[%clk 1:21:33]} 13. Bxf5
{[%clk 1:27:54]} g6 {[%clk 1:21:10]} 14. Bxe6 {[%clk 1:27:59]} fxe6
{[%clk 1:21:26]} 15. Bh6 {[%clk 1:28:18]} Rhg8 {[%clk 1:20:03]} 16. Ng3
{[%clk 1:24:49]} g5 {[%clk 1:19:48]} 17. Nh5 {[%clk 1:24:54]} Rg6
{[%clk 1:17:54]} 18. Bg7 {[%clk 1:25:09]} c5 {[%clk 1:15:16]} 19. Bf6
{[%clk 1:24:33]} Bxf6 {[%clk 1:14:10]} 20. Nxf6 {[%clk 1:24:22]} Qg7
{[%clk 1:13:53]} 21. Rab1 {[%clk 1:23:02]} c4 {[%clk 1:12:52]} 22. Qe2
{[%clk 1:21:56]} g4 {[%clk 1:12:07]} 23. Rf4 {[%clk 1:21:17]} h5 {[%clk 1:12:22]}
24. Nxh5 {[%clk 1:19:46]} Qh6 {[%clk 1:12:47]} 25. Rf7 {[%clk 1:18:05]} Qxh5
{[%clk 1:12:43]} 26. Rfxb7 {[%clk 1:17:41]} Qg5 {[%clk 1:11:32]} 27. Qf2
{[%clk 1:13:17]} Rg7 {[%clk 1:11:39]} 28. Rb8+ {[%clk 1:12:55]} Kd7
{[%clk 1:12:01]} 29. R1b7+ {[%clk 1:13:10]} Kc6 {[%clk 1:11:11]} 30. Rxg7
{[%clk 1:13:27]} Qc1+ {[%clk 1:11:33]} 31. Qf1 {[%clk 1:13:53]} Qe3+
{[%clk 1:11:52]} 32. Kh1 {[%clk 1:13:35]} Rxb8 {[%clk 1:12:07]} 33. Rg6
{[%clk 1:12:26]} Re8 {[%clk 1:10:20]} 34. Rxg4 {[%clk 1:10:55]} Rf8
{[%clk 1:10:46]} 35. Qb1 {[%clk 1:08:36]} Qe2 {[%clk 1:10:29]} 36. Rg7
{[%clk 1:06:52]} Rf1+ {[%clk 1:10:30]} 37. Qxf1 {[%clk 1:07:21]} Qxf1#
{[%clk 1:10:55]} 0-1